| 000 | 00724nam a2200229Ia 4500 | ||
|---|---|---|---|
| 008 | 191130s2001##################000#0#eng## | ||
| 020 | _a9780521671521 | ||
| 022 | _a68915 | ||
| 040 |
_aACL _cACL |
||
| 082 | _a363.7 LOM | ||
| 100 | _aLomborg, Bjørn | ||
| 245 |
_aThe skeptical environmentalist : measuring the real state of the world _cBjørn Lomborg |
||
| 260 |
_aCambridge _bCambridge University Press _cc2001 |
||
| 300 | _axxiii, 515 p. : ill. ; 26 cm | ||
| 500 | _aIncludes bibliographical references (p. [435]-505) and index | ||
| 650 | _aGlobal environmental change | ||
| 650 | _aHuman ecology | ||
| 650 | _aPollution | ||
| 990 | _a71d95fdaac10000c484c401a2598fe43 | ||
| 991 | _a312279 | ||
| 999 |
_c70249 _d70249 |
||